History Quiz

Random History or Politics Quiz

Parties in Power: Estonia Quiz Stats

 Plays Quiz not verified by Sporcle

Support Sporcle.
Go Orange.
Score 0/19 Timer 06:00
0 Plays Today
% Correct
Independent
100%
Estonian Reform Party
64.3%
Social Democratic Party
42.9%
Estonian People's Party
42.9%
Estonian Labour Party
35.7%
Estonian Centre Party
35.7%
Patriotic League
28.6%
People's Union of Estonia
28.6%
Farmers' Assemblies
28.6%
Country People's Union
28.6%
% Correct
Popular Front
28.6%
Estonian Coalition Party
28.6%
Pro Patria Union
28.6%
Res Publica Party
28.6%
Pro Patria National Coalition Party
21.4%
Christian People's Party
21.4%
Estonian Socialist Workers' Party
21.4%
Union of Settlers and Smallholders
14.3%
National Centre Party
14.3%

You're not logged in!

Compare scores with friends on all Sporcle quizzes.
OR
Log In

From the Vault

Cover the Alphabet - US State Capitals

by PenguinsMeercats

If the quiz ends and the alphabet is totally gone, you've done a good job
Remove Ads.
Support Sporcle.
Get the best of Sporcle when you Go Orange. This ad-free experience offers more features, more stats, and more fun while also helping to support Sporcle. Thank you for becoming a member.

Show Comments

Extras

Top Quizzes Today


Score Distribution

Your Account Isn't Verified!

In order to create a playlist on Sporcle, you need to verify the email address you used during registration. Go to your Sporcle Settings to finish the process.

Report this User

Report this user for behavior that violates our Community Guidelines.

Details: